| 000 | 01149nam a2200229Ia 4500 | ||
|---|---|---|---|
| 003 | Ost | ||
| 005 | 20260507075210.0 | ||
| 008 | 260507s9999||||xx |||||||||||||| ||und|| | ||
| 040 | _cfsecg | ||
| 041 | _aara | ||
| 082 | _a330 | ||
| 100 |
_aبالسروويكز، لزاك _eمؤلف |
||
| 245 | 0 |
_aاقتصاديات انتقالية : _bدراسات في الانتقال الى إقتصاد السوق / _c لزاك بالسروويكز |
|
| 260 |
_aعمان: _bدار الكتاب الحديث, _c2009 |
||
| 300 |
_a131 صفحة؛ _bإيضاحات ؛ _c24 سم |
||
| 520 | _aمجموعة مقالات تتناول موضوع السياسات الكلية في الانتقال الى اقتصاد السوق وكذا قضايا مفاهيمية وأدلة حول صراع روسيا مع اضفاء الاستقرار وكذلك كيفية عمل الاصلاح الصناعي في الصين. | ||
| 653 | _aاقتصاد السوق- روسيا | ||
| 653 | _aالاصلاح الصناعي- الصين | ||
| 653 | _aالسياسة الإقتصادية | ||
| 700 |
_aالتل، نادر ادريس _eمؤلف ثانوي |
||
| 942 | _cكتاب | ||
| 999 |
_c43462 _d43462 |
||